[Event "Miedzyzdroje OB Seniors 24th"]
[Site "Miedzyzdroje"]
[Date "2016.06.21"]
[Round "5"]
[White "Senkbeil, Uwe"]
[Black "Heimann, Manfred"]
[Result "0-1"]
[WhiteElo "1194"]
[BlackElo "1202"]
[PlyCount "46"]
[EventDate "2016.06.17"]
[EventType "swiss"]
[EventRounds "9"]
[EventCountry "POL"]
[SourceTitle "EXT 2019"]
[Source "ChessBase"]
[SourceDate "2018.10.10"]
[SourceVersion "1"]
[SourceVersionDate "2018.10.10"]
[SourceQuality "1"]

1. d4 e6 2. c4 c5 3. e3 d5 4. Nf3 cxd4 5. exd4 h6 6. Be2 Bb4+ 7. Bd2 Bxd2+ 8. Nbxd2 Nf6 9. 0-0 0-0 10. cxd5 Nxd5 11. Bc4 Nc6 12. Nb3 a6 13. a4 Nce7 14. Qd2 b6 15. Rfd1 Bb7 16. Qe2 Nf4 17. Qe3 Nfg6 18. Rd2 Rc8 19. Bd3 Nd5 20. Qe1 Ndf4 21. Bxg6 Bxf3 22. Bxf7+ Rxf7 23. gxf3 Qg5+ 0-1

[Event "Miedzyzdroje OB Seniors 24th"]
[Site "Miedzyzdroje"]
[Date "2016.06.20"]
[Round "4"]
[White "Funke, Hermann"]
[Black "Senkbeil, Uwe"]
[Result "1-0"]
[WhiteElo "1702"]
[BlackElo "1194"]
[PlyCount "47"]
[EventDate "2016.06.17"]
[EventType "swiss"]
[EventRounds "9"]
[EventCountry "POL"]
[SourceTitle "EXT 2019"]
[Source "ChessBase"]
[SourceDate "2018.10.10"]
[SourceVersion "1"]
[SourceVersionDate "2018.10.10"]
[SourceQuality "1"]

1. e4 e5 2. Nf3 Nf6 3. d4 Nxe4 4. Nxe5 d6 5. Nf3 Be7 6. Bd3 Nf6 7. 0-0 0-0 8. Nc3 Bg4 9. h3 Bh5 10. Be3 Nc6 11. Be2 h6 12. Qd2 d5 13. g4 Bg6 14. Rad1 Qd7 15. Ne5 Qe6 16. f4 Bh7 17. f5 Qd6 18. Bf4 Qd8 19. Bf3 g6 20. Bxh6 Re8 21. fxg6 fxg6 22. g5 Nd7 23. Bxd5+ Kh8 24. Nf7+ 1-0

[Event "Miedzyzdroje OB Seniors 24th"]
[Site "Miedzyzdroje"]
[Date "2016.06.19"]
[Round "3"]
[White "Senkbeil, Uwe"]
[Black "Joch, Horst"]
[Result "1/2-1/2"]
[WhiteElo "1194"]
[BlackElo "1738"]
[PlyCount "77"]
[EventDate "2016.06.17"]
[EventType "swiss"]
[EventRounds "9"]
[EventCountry "POL"]
[SourceTitle "EXT 2019"]
[Source "ChessBase"]
[SourceDate "2018.10.10"]
[SourceVersion "1"]
[SourceVersionDate "2018.10.10"]
[SourceQuality "1"]

1. d4 e6 2. e4 d5 3. exd5 exd5 4. Nf3 Bg4 5. Be2 Be7 6. 0-0 Nf6 7. h3 Bd7 8. c3 0-0 9. Bf4 h6 10. Nbd2 Be6 11. Re1 Bd6 12. Bxd6 Qxd6 13. Ne5 Nbd7 14. Ndf3 Rfe8 15. Qd3 Nh7 16. Nxd7 Bxd7 17. Nh2 Nf6 18. Qg3 Qxg3 19. fxg3 Ne4 20. g4 Re7 21. Bf3 Rae8 22. Bxe4 Rxe4 23. Rxe4 Rxe4 24. Kf2 Kf8 25. Re1 Rxe1 26. Kxe1 Ke7 27. Ke2 g5 28. Nf3 f6 29. Ke3 a5 30. b3 b5 31. Ne1 f5 32. gxf5 Bxf5 33. g4 Be4 34. Nd3 Bg2 35. Nf2 Kd6 36. Kd2 c5 37. dxc5+ Kxc5 38. Nd3+ Kd6 39. Nf2 1/2-1/2